|
|
|
|
| LEADER |
01795nam a2200469 a 4500 |
| 001 |
000485168 |
| 003 |
CZ BrMZK |
| 005 |
20200403093004.0 |
| 007 |
ta |
| 008 |
000115s2000 xr e c cze d |
| 015 |
|
|
|a cnb000886058
|
| 020 |
|
|
|a 80-7035-241-8
|q (v knize neuvedeno
|z 80-7035-217-5
|
| 035 |
|
|
|a (OCoLC)48766711
|
| 040 |
|
|
|a BOA001
|b cze
|
| 041 |
1 |
|
|a cze
|a eng
|
| 043 |
|
|
|a a-ja---
|a e-xr---
|b e-xr-li
|2 czenas
|
| 045 |
|
|
|a u-w-
|
| 072 |
|
7 |
|a 72/76
|x Výtvarné umění
|2 Konspekt
|9 21
|
| 080 |
|
|
|a 72/76(520)
|2 MRF
|
| 080 |
|
|
|a 745/749
|2 MRF
|
| 080 |
|
|
|a 72/76:069.5
|2 MRF
|
| 080 |
|
|
|a (520)
|2 MRF
|
| 080 |
|
|
|a (437.316)
|2 MRF
|
| 080 |
|
|
|a (083.824)
|2 MRF
|
| 100 |
1 |
|
|a Suchomel, Filip,
|d 1966-
|7 ola2002146292
|4 aut
|
| 245 |
1 |
0 |
|a Japonská sbírka Severočeského muzea v Liberci :
|b = Japanese collection of the North Bohemian Museum in Liberec : [katalog výstavy] /
|c Filip Suchomel, Oldřich Palata
|
| 246 |
1 |
1 |
|a Japanese collection of the North Bohemian Museum in Liberec
|
| 260 |
|
|
|a Praha :
|b Národní galerie,
|c 2000
|
| 300 |
|
|
|a 140 s. :
|b obr. (některé bar.) ;
|c 28 cm
|
| 546 |
|
|
|a Název a text též anglicky
|
| 610 |
2 |
7 |
|a Severočeské muzeum (Liberec, Česko)
|7 kn20010724733
|2 czenas
|
| 648 |
|
4 |
|a 17.-19. stol.
|
| 650 |
0 |
7 |
|a japonské umění
|7 ph121305
|y 17.-19. stol.
|2 czenas
|
| 650 |
0 |
7 |
|a umělecká řemesla
|7 ph126886
|z Japonsko
|y 17.-19. stol.
|2 czenas
|
| 650 |
0 |
7 |
|a umělecké sbírky
|7 ph135222
|z Česko
|2 czenas
|
| 651 |
|
7 |
|a Liberec (Česko)
|7 ge128509
|2 czenas
|
| 655 |
|
7 |
|a katalogy výstav
|7 fd132536
|2 czenas
|
| 700 |
1 |
|
|a Palata, Oldřich,
|d 1943-
|7 xx0025367
|4 aut
|
| 910 |
|
|
|a BOA001
|b 3-1074.650
|
| 990 |
|
|
|a BK
|
| 991 |
|
|
|b 200708
|
| 996 |
6 |
|
|b 2610117603
|c 3-1074.650
|l MZK
|r Sklad / do 1 hodiny
|n 8
|p p.v.
|w 000485168
|u 000010
|a 1
|e BOA001
|j MZK50
|s P
|